| 000 | 00510nam a2200181Ia 4500 | ||
|---|---|---|---|
| 005 | 20250508150921.0 | ||
| 008 | 008 250505s9999 xx 000 0 eng d | ||
| 037 | _aTextual | ||
| 040 |
_aFEDL _beng _cFEDL |
||
| 041 |
_aeng _2eng |
||
| 084 |
_a551.5, LES _qFEDL |
||
| 100 |
_aLister Reginald M _9757948 |
||
| 245 | 0 | _aEvery body's weather book | |
| 260 |
_aLondon, UK _bSimpson Low, Marston and Co Ltd. _c1948 |
||
| 300 | _axx,235p | ||
| 942 |
_cTEXL _h551.5, LES |
||
| 999 |
_c1326454 _d1326454 |
||